[Event "Mecklenburg VP-ch Youth"]
[Site "Malchow"]
[Date "2017.02.16"]
[Round "4.9"]
[White "Bohndorf, Tobias"]
[Black "Noske, Janek"]
[Result "0-1"]
[WhiteElo "1445"]
[BlackElo "1132"]
[PlyCount "36"]
[EventDate "2017.02.08"]
[EventType "swiss"]
[EventRounds "7"]
[EventCountry "GER"]
[SourceTitle "EXT 2022"]
[Source "ChessBase"]
[SourceDate "2021.10.06"]
[SourceVersion "1"]
[SourceVersionDate "2021.10.06"]
[SourceQuality "1"]

1. e4 e5 2. Nf3 Nc6 3. Bb5 Bc5 4. Nxe5 Nxe5 5. d4 a6 6. Ba4 b5 7. Bb3 Qe7 8. dxc5 Qxc5 9. Be3 Qb4+ 10. c3 Qxe4 11. Nd2 Nd3+ 12. Kf1 Qc6 13. Qb1 Ne5 14. Bc2 Nf6 15. Ne4 Nxe4 16. Bxe4 Qc4+ 17. Bd3 Nxd3 18. Kg1 0-0 0-1

[Event "Mecklenburg VP-ch U14"]
[Site "Malchow"]
[Date "2015.02.03"]
[Round "5.7"]
[White "Bohndorf, Tobias"]
[Black "Stadach, Pepe"]
[Result "0-1"]
[WhiteElo "1026"]
[BlackElo "1140"]
[PlyCount "52"]
[EventDate "2015.01.31"]
[EventType "swiss"]
[EventRounds "7"]
[EventCountry "GER"]
[SourceTitle "EXT 2022"]
[Source "ChessBase"]
[SourceDate "2021.10.06"]
[SourceVersion "1"]
[SourceVersionDate "2021.10.06"]
[SourceQuality "1"]

1. e4 e5 2. Nf3 Nc6 3. Bb5 Nf6 4. Nc3 a6 5. Ba4 b5 6. Bb3 d6 7. 0-0 Bg4 8. d3 Nd4 9. Bg5 Be7 10. Kh1 0-0 11. Rg1 b4 12. Nb1 c6 13. c3 bxc3 14. Nxc3 d5 15. exd5 cxd5 16. Nxd5 Nxd5 17. Bxe7 Nxe7 18. Rc1 Rc8 19. Rxc8 Qxc8 20. Bc4 e4 21. Bb3 exf3 22. g3 Bh3 23. Qe1 Bg2+ 24. Rxg2 fxg2+ 25. Kxg2 Re8 26. Qb4 Nxb3 0-1